000 007340000a22002290004500
090 _aAR
_b00115
245 1 0 _aTwo new toads (<Bufonidae: Rhamphophryne>) from the northern Andes of Colombia
650 1 4 _aAnfibios
_992768
650 1 4 _aFauna
_992594
650 1 4 _aSapos
_992962
650 1 4 _aNuevas especies
_992905
650 1 4 _aMorfología
_992917
650 1 4 _aBiología
_992
651 4 _dAntioquia
_pColombia
_992749
653 _fBufonidae
_gRhamphophryne
_eRhamphophryne tenrec
653 _fBufonidae
_gRhamphophryne
_eRhamphophryne truebae
041 0 _aInglés
700 1 _aRenjifo, Juan Manuel
_920567
100 1 _aLynch, John D.
_992907
942 _cARTICULO
773 1 _tJournal of Herpetology
_349
_h4
_q364-371
_d1990
_g24
999 _c9216
_d9216